| 000 | 00463nam a2200157Ia 4500 | ||
|---|---|---|---|
| 008 | 210210b1994 xxu||||| |||| 00| 0 eng d | ||
| 020 | _a0 07 462359 1 | ||
| 082 | _a331.11 RAOH | ||
| 100 | _aRAO (T V) & Other Eds. | ||
| 245 | _aHRD in the new economic. | ||
| 260 |
_aND _bTata McGraw-Hill Publishing Company Ltd. _c1994 |
||
| 300 | _axiv,436 | ||
| 650 | _aHRD & economic environment Economic environment & HRD | ||
| 690 | _aLabour Economic | ||
| 906 | _a04834 | ||
| 999 |
_c97290 _d97290 |
||